01413nam a2200313 a 450000100060000000300080000600500170001400800410003102000430007203500190011504000270013404100080016108200300016924502770019926000520047630000330052849000350056150400410059665000310063765000430066865000490071170000280076070000370078871000440082583000430086994200130091299900170092595201570094273381BD-RjUL20211209082404.0170530s1991 ii a b f000 0 eng d c: Inland: IRs. 40.00 ; Foreign: $6.00  a(BD-RjUL)73599 aDLCcDLCdBD-RjULbeng aeng00223a590.7230954bREC 199100aRecords of the Zoological Survey of India: bThe South Asian wood-destroying termite, Odontotermes feae (synonym O. indicus) . Identity, biology and economic importance (Termitidae, Macrotermitinae) /cM. L. Roonwal and S. C. Verma ; edited by Zoological Survey of India. aCalcutta :bZoological Survey of India,cc1991. a[4], 33 p. :bill. ;c24 cm.1 aOccasional paper ; vno. 129. aIncludes bibliographical references. 0aOdontotermes feae.9217064 0aOdontotermes feaezSouth Asia.9217065 0aZoologyxDescriptive ResearchzIndia9234331 aRoonwal, M. L. 9234335 aVerma, S. C. , jt. auth.92343362 aZoological Survey of India, ed.9167884 aOccasional paper ; vno. 129.9234337 2ddccRAR c73381d73381 00102ddc40718RAREaRUCLbRUCLcRared1996-05-15eCentury Book, Rajshahig6.00l0oRA 590.7230954 REC 1991r2017-05-30 00:00:00tC-1w2021-12-09yRAR